Loading...
| History - American History | 0 | 6 | 1 | 0 | 55 | 16 | 72.17 | 2 | 2 |
| History - European History | 0 | 3 | 0 | 0 | 30 | 11 | 54.00 | 1 | 2 |
| History - Other History | 0 | 3 | 0 | 0 | 30 | 74 | 87.00 | 0 | 0 |
| History - World History | 0 | 2 | 0 | 0 | 20 | 71 | 75.50 | 0 | 0 |
| Geography | 0 | 2 | 0 | 0 | 20 | 73 | 80.00 | 0 | 1 |
| Religion | 0 | 1 | 0 | 0 | 10 | 111 | 111.00 | 0 | 0 |
| Literature - American Literature | 0 | 1 | 0 | 0 | 10 | 86 | 86.00 | 0 | 0 |
| Philosophy | 0 | 1 | 0 | 0 | 10 | 81 | 81.00 | 0 | 0 |
| Pop Culture | 0 | 1 | 0 | 0 | 10 | 94 | 94.00 | 0 | 0 |
| Science - Other Science | 0 | 1 | 0 | 0 | 10 | 84 | 84.00 | 0 | 0 |
| Fine Arts - Classical Music | 0 | 0 | 0 | 0 | 0 | 0.00 | 0 | 0 | |
| Social Science | 0 | 0 | 1 | 0 | -5 | 0.00 | 0 | 0 |